000 00489nam a2200205Ia 4500
005 20240823024703.0
008 240823s9999||||xx |||||||||||||| ||und||
020 _a978-81-8488-460-9
041 _aENGLISH
082 _A574.191 P7
100 _aArora P N
245 0 _aBiostatistics
250 _a1st
260 _c2007
_b"Himalaya Publishing House, Bombay,"
500 _aYES
650 _aBioststistics
_bMathematics
700 _a Malhan P K
942 _cBK
999 _c184512
_d184512